000 00437cam a2200169 4500
001 D13051
008 090401t1931 xxu||||| |||| 00| 0 eng d
035 _a(Sirsi) u7496
041 _aeng
110 _aImperial Geophysical Experimental Survey
_91372
245 4 _aThe principles and practice of geophysical prospecting
260 _aCambridge
_bCUP
_c1931
350 _a0
520 _aShelf 183
942 _n0
948 _c04/03/1997
999 _c86421
_d86421